The Demands of the rebels in Ireland, vnto the state and councell of Dublin, February 3, 1641 [1642] : the names of the chiefe of them are these, the Lord Mount Garret, Delvin, Don Luce, Cargena, Limbrey, Oneale, with divers others ...

Bibliographic Details
Format: eBook
Language:English
Published: London : Printed for John Thomas, 1641 [id est 1642]
Series:Early English books online.
Subjects:
Online Access:Connect to the full text of this electronic book

MARC

Tag First Indicator Second Indicator Subfields
LEADER 00000nam a2200000Ia 4500
001 in00004243613
005 20200807093635.0
006 m g d
007 cr bn |||a|bb|
008 850501s1642 enk o 00| | eng d
035 |a (OCoLC)11987786 
040 |a EAA  |c EAA  |d m/c  |d WaOLN 
037 |a CL0037000002  |b ProQuest Information and Learning. 300 N. Zeeb Rd., Ann Arbor, MI 48106 
043 |a e-ie--- 
045 0 |b d16420203 
049 |a UMIA 
245 0 4 |a The Demands of the rebels in Ireland, vnto the state and councell of Dublin, February 3, 1641 [1642] :  |b the names of the chiefe of them are these, the Lord Mount Garret, Delvin, Don Luce, Cargena, Limbrey, Oneale, with divers others ... 
260 |a London :  |b Printed for John Thomas,  |c 1641 [id est 1642] 
300 |a 1 online resource ([8] pages) 
336 |a text  |b txt  |2 rdacontent 
337 |a computer  |b c  |2 rdamedia 
338 |a online resource  |b cr  |2 rdacarrier 
500 |a Date of publication from Wing (2nd edition). 
500 |a Reproduction of original in Yale University Library. 
510 4 |a Wing  |c D975 
533 |a Electronic reproduction.  |b Ann Arbor, Mich. :  |c UMI,  |d 1999-  |f (Early English books online)  |n Digital version of: (Early English books, 1641-1700 ; 64:4)  |7 s1999 miun s 
600 1 0 |a Mountgarret, Richard Butler,  |c Viscount,  |d 1578-1651. 
651 0 |a Ireland  |x History  |y Rebellion of 1641. 
830 0 |a Early English books online. 
856 4 0 |u http://proxy.library.tamu.edu/login?url=https://search.proquest.com/docview/2240948018  |z Connect to the full text of this electronic book  |t 0 
999 f f |s 62db722c-58ce-3d60-95eb-94cf24e2ba5f  |i 7612352b-0a19-33e7-8c29-8130da90c1e2  |t 0 
952 f f |a Texas A&M University  |b College Station  |c Electronic Resources  |d Available Online  |t 0  |h No information provided 
998 f f |t 0  |l Available Online